| 000 | 00799nam a22002177a 4500 | ||
|---|---|---|---|
| 003 | BD-DhJNU | ||
| 005 | 20250129055225.0 | ||
| 008 | 250129b |||||||| |||| 00| 0 eng d | ||
| 020 | _a9847022000011 | ||
| 040 |
_aBD-DhJNU _bENG _cBD-DhJNU _dBD-DhJNU |
||
| 082 |
_223 _a324.95492051 RAB |
||
| 100 | _a Rahman, A.T. Rafiqur | ||
| 245 |
_aBangladesh election 2008 and beyond : _breforming institutions and political culture for a sustainable democracy / _cA.T. Rafiqur Rahman |
||
| 260 |
_aDhaka : _bThe University Press, _c2008. |
||
| 300 |
_axviii, 114 p. : _bill. ; _c22 cm. |
||
| 490 | _aUPL monograph series | ||
| 504 | _aIncludes bibliographical references and index. | ||
| 650 | _aJātīẏa Saṃsada Elections, 2008 Bangladesh | ||
| 650 | _aElections Bangladesh | ||
| 942 |
_2ddc _cBK _n0 |
||
| 999 |
_c1188 _d1188 |
||